000 005410000a22001810004500
001 768714001
003 CO-MdFUSB
005 20170505120328.0
008 170505s1998 sp ||||| |||| 00| 0 spa d
040 _aCO-MdFUSB
_bspa
_cCO-MdFUSB
_dCO-MdFUSB
041 _aspa
100 1 _aCruz, Antonio
_eautor
245 1 0 _aPostmodernismo, ¿más de lo mismo?
300 _aVolumen 4, (1998) Páginas 5 - 16
_c21 cm.
546 _aTexto en español
773 0 _tAndamio
_049451
_960432
_gVolumen 4, (1998) Páginas 5 - 16
_qPáginas 5
942 _cANA
999 _c49832
_d49832